000 00810nas a2200277 4500
001 BR2015003689
003 BR-BrBNA
005 20231205125439.0
007 ta
008 230509b bl.|||p| |||| 00| 00por d
040 _aBR-BrBNA
_bpor
_cBiblioteca Nacional de Agricultura
041 _a(En)
072 _aF30
100 1 _aBalestre, M.
100 1 _aSantos, V.B. dos
100 1 _aSoares, A.A.
100 1 _aReis, M.S.
245 1 _aStability and adaptability of upland rice genotypes
650 _aORYZA SATIVA
650 _aARROZ
650 _aINTERAÇÃO GENÉTICA
650 _aGENÓTIPO
773 0 _tCrop Breeding and Applied Biotechnology (Brazil)
_xISSN 1518-7853
_g(Dec 2010), v. 10 (4) p. 357-363
_wBR2015003689
909 _a202311
_bLúcia
_c55
_dLúcia Elande
942 _2AGRIS
_n0
_cANA
999 _c244418
_d244418